[Event "Krefeld op"]
[Site "Krefeld"]
[Date "2023.08.04"]
[Round "5"]
[White "Loheide, Michel"]
[Black "Nezhyvenko, Mykhaylo"]
[Result "1/2-1/2"]
[WhiteElo "1830"]
[BlackElo "1899"]
[PlyCount "90"]
[EventDate "2023.08.02"]
[EventType "swiss"]
[EventRounds "9"]
[EventCountry "GER"]
[SourceTitle "CBM 215 Extra"]
[Source "ChessBase"]
[SourceDate "2023.09.30"]
[SourceVersion "1"]
[SourceVersionDate "2023.09.30"]
[SourceQuality "1"]

1. c4 Nf6 2. g3 e5 3. Bg2 Nc6 4. Nc3 g6 5. Nf3 Bg7 6. 0-0 0-0 7. d4 exd4 8. Nxd4 Nxd4 9. Qxd4 d6 10. Re1 Re8 11. Qd2 c6 12. e4 Be6 13. b3 Qa5 14. Bb2 Rad8 15. Rad1 Bg4 16. Nd5 Qxd2 17. Nxf6+ Bxf6 18. Rxd2 Bxb2 19. Rxb2 d5 20. h3 Bc8 21. cxd5 Rxd5 22. exd5 Rxe1+ 23. Kh2 c5 24. g4 Rc1 25. Re2 Kf8 26. Bf3 b6 27. Kg2 Rd1 28. Kg3 Bb7 29. Re5 Rd2 30. a4 Rd3 31. Re3 Rd4 32. Re5 Bc8 33. a5 Ba6 34. axb6 axb6 35. Re1 h6 36. h4 Rd3 37. Re3 g5 38. hxg5 hxg5 39. Rxd3 Bxd3 40. d6 b5 41. Bc6 Be2 42. f4 c4 43. Kf2 Bxg4 44. bxc4 bxc4 45. fxg5 Bf5 1/2-1/2

[Event "GER-ch U25-A"]
[Site "Willingen"]
[Date "2023.05.29"]
[Round "3"]
[White "Loheide, Michel"]
[Black "Beyer, Lorenz"]
[Result "0-1"]
[WhiteElo "1876"]
[BlackElo "1915"]
[PlyCount "54"]
[EventDate "2023.05.27"]
[EventType "swiss"]
[EventRounds "9"]
[EventCountry "GER"]
[SourceTitle "CBM 214 Extra"]
[Source "ChessBase"]
[SourceDate "2023.07.31"]
[SourceVersion "1"]
[SourceVersionDate "2023.07.31"]
[SourceQuality "1"]

1. e4 e6 2. d4 d5 3. Nc3 Nf6 4. Bg5 Be7 5. e5 Nfd7 6. Bxe7 Qxe7 7. f4 a6 8. Nf3 c5 9. Ne2 cxd4 10. Nexd4 Qb4+ 11. Kf2 Nc6 12. Rb1 Nc5 13. c3 Ne4+ 14. Ke3 Qb6 15. Bd3 Bd7 16. Bxe4 dxe4 17. Nd2 Ne7 18. Nxe4 Nf5+ 19. Kf3 Bc6 20. Qe2 Nxd4+ 21. cxd4 f5 22. exf6 gxf6 23. Ke3 0-0-0 24. Rhd1 e5 25. fxe5 fxe5 26. Qc4 exd4+ 27. Rxd4 Rhe8 0-1